Представление документа в формате RUSMARC

ПолеНазваниеЗначение
  Тип записи a
  Библиографический уровень a
001 Контрольный номер RU/CBS_UL/BASE/e0ae1dfd662a4022a8877b863a30d26e
005 Дата корректировки 20260426171022.4
100 Данные общей обработки __
a Данные общей обработки 20260426 ||| 0rusy0189 ca
101 Язык документа 0_
a Язык текста rus
102 Страна публикации __
a Страна публикации RU
200 Заглавие и сведения об ответственности 1_
a Заглавие Какой песней встретили в «Артеке» Саманту Смит?
e Сведения, относящиеся к заглавию [тест на знание истории "Артека"]
f Первые сведения об ответственности А. Локалов
300 Общие примечания __
a Общие примечания 16+
461 Уровень набора _0
1 2000
a Родина
463 Уровень физической единицы _0
1 2000
a № 6
v С. 65 : фот.
1 2101
d 2025
1 001RU/CBS_UL/BASE/c4ea6b36b25c4e4eb05f42ac9c78bf63
606 Тематические рубрики 0_
a Основная рубрика Пионерские лагери международные - "Артек" - История - Тесты
610 Ключевые слова 0_
a Ключевые слова тесты, исторические тесты, пионерские лагеря, история Артека, тестирование читателей, интеллект человека, семейное чтение, история журналистики
686 Индексы других классификаций __
2 Код системы rubbk
a Классификационный индекс 74.200.585.8
700 Автор _1
a Фамилия Локалов
b Имя (инициалы) А.
801 Источник записи _0
a Страна RU
b Организация МБУК ЦБС г. Ульяновска
c Дата составления 20260426
g Правила каталогизации RCR
801 Источник записи _1
a Страна RU
b Организация МБУК ЦБС г. Ульяновска
c Дата составления 20260426
g Правила каталогизации RCR
901 Тип документа __
t Тип документа b
w Контрольный № источника RU/CBS_UL/BASE/c4ea6b36b25c4e4eb05f42ac9c78bf63
909 Создатель записи __
a Создатель записи lib1